000
00230nam a22000857a 4500
008
160812b xxu||||| |||| 00| 0 eng d
100
_9
128
_a
Arora S
245
_a
Information practices-XII
260
_a
New Delhi
_b
Dhanpat publication
_c
2011
999
_c
2783
_d
2783